Taught by the Master. (Record no. 5044)

000 -LEADER
fixed length control field 00534nam a2200181 a 4500
001 - CONTROL NUMBER
control field :::00002785$&:&@@
003 - CONTROL NUMBER IDENTIFIER
control field OkBaRHE
005 - DATE AND TIME OF LATEST TRANSACTION
control field 20000607103257.0
008 - FIXED-LENGTH DATA ELEMENTS--GENERAL INFORMATION
fixed length control field s1956 j 000 0 eng u
040 ## - CATALOGING SOURCE
Transcribing agency
100 1# - MAIN ENTRY--PERSONAL NAME
Personal name Cranford, Clarence W.
245 10 - TITLE STATEMENT
Title Taught by the Master.
260 ## - PUBLICATION, DISTRIBUTION, ETC. (IMPRINT)
Place of publication, distribution, etc Nashville, TN., :
Name of publisher, distributor, etc Broadman Press
Date of publication, distribution, etc c1956
300 ## - PHYSICAL DESCRIPTION
Extent 122 p. ;
Dimensions 21 cm.
650 ## - SUBJECT ADDED ENTRY--TOPICAL TERM
Topical term or geographic name as entry element Jesus Christ
General subdivision Teachings
942 ## - ADDED ENTRY ELEMENTS (KOHA)
Source of classification or shelving scheme
Koha item type Books
Copies
Not for loan Withdrawn status Barcode Source of classification or shelving scheme Copy number Price effective from Damaged status Full call number Permanent Location Date acquired Shelving location Lost status Koha item type Date last seen
  2785 12010-04-14 BS 2417 .C7RHEMA Bible Training College2010-04-14General Stacks Books2018-03-16